Statistics for NRL Multiple Choice Quiz

Click here to take the quiz!

General Stats

  • This quiz has been taken 66 times
  • The average score is 5 of 12

Answer Stats

QuestionAnswer% Correct
Team with the highest winning percentage. (65.48%)Melbourne Storm
79%
Current NRL team with the worst win percentage? (41.47%)Gold Coast Titans
52%
Player that scored the most tries for the Kangaroos in a single match. (6)Valentine Holmes
45%
Player to win the most Wally Lewis medals. (4)Cameron Smith
44%
Team with the most consecutive premierships. (11)St.George Dragons
44%
Player to score the most points in State of Origin. (212)Jonathan Thurston
42%
Player to score the most tries in State of Origin? (32)Greg Inglis
40%
Player with the most tries scored in a career. (212)Ken Irvine
39%
Player to win the most Dally M medals. (4)Johnathan Thurston
35%
Team that scored the most points in a single season. (984)Parramatta Eels
27%
Player that played the most games for the Kangaroos. (59)Darren Lockyer
24%
Team with the most minor premierships. (20)Sydney Roosters
24%

Score Distribution

Percentile by Number Answered

Percent of People with Each Score

Your Score History

You have not taken this quiz